[Event "feripe"]
[Site "http://www.queenalice.com/game.php?id=164538"]
[Date "2007.2.6"]
[Round "1"]
[White "Filps"]
[Black "sripradeep"]
[Result "1-0"]
[WhiteElo "1743"]
[BlackElo "1651"]

1. e4 c5 2. Nc3 Nc6 3. Nf3 g6 4. d4 cxd4 5. Nxd4 Bg7 6. Nxc6 bxc6 7. Bc4 d6 8.
Qf3 Nf6 9. Bg5 O-O 10. O-O Rb8 11. b3 Bg4 12. Qe3 Re8 13. f3 1-0

[Event "AUTO-OPEN-594"]
[Site "http://www.queenalice.com/game.php?id=184470"]
[Date "2007.3.19"]
[Round "1"]
[White "Craic"]
[Black "Filps"]
[Result "1-0"]
[WhiteElo "1424"]
[BlackElo "1727"]

1. e4 e5 2. Nf3 Nc6 3. Nc3 Nf6 4. Bb5 Bc5 5. Bxc6 dxc6 6. Nxe5 Qd4 7. Nd3 O-O 8.
O-O b5 9. Ne2 Qc4 10. Ne5 Qxe4 11. Nd3 1-0

[Event "AUTO-OPEN-594"]
[Site "http://www.queenalice.com/game.php?id=184471"]
[Date "2007.3.19"]
[Round "1"]
[White "Filps"]
[Black "Craic"]
[Result "0-1"]
[WhiteElo "1699"]
[BlackElo "1452"]

1. e4 e5 2. Nf3 Nc6 3. Bc4 Nf6 4. Nc3 d6 5. Ng5 d5 6. exd5 Nxd5 7. Bxd5 Qxg5 8.
O-O Nd4 9. d3 Bh3 10. Bxg5 Be6 0-1

[Event "AUTO-OPEN-594"]
[Site "http://www.queenalice.com/game.php?id=184494"]
[Date "2007.3.19"]
[Round "1"]
[White "adlerburg"]
[Black "Filps"]
[Result "1-0"]
[WhiteElo "1653"]
[BlackElo "1767"]

1. e4 e5 2. Nf3 Nc6 3. Bc4 Bc5 4. b4 Nxb4 5. Nxe5 Nh6 6. d4 Bd6 7. Bxh6 Bxe5 8.
dxe5 gxh6 9. c3 Nc6 10. Qh5 Qe7 11. Qxh6 Qxe5 12. O-O 1-0

[Event "AUTO-OPEN-594"]
[Site "http://www.queenalice.com/game.php?id=184495"]
[Date "2007.3.19"]
[Round "1"]
[White "Filps"]
[Black "adlerburg"]
[Result "0-1"]
[WhiteElo "1746"]
[BlackElo "1674"]

1. e4 e6 2. d4 d5 3. e5 c5 4. Nf3 Nc6 5. Bb5 Bd7 6. O-O cxd4 7. Bxc6 Bxc6 8.
Nxd4 Bc5 9. Nxc6 bxc6 10. Be3 Bxe3 11. fxe3 Ne7 0-1

[Event "AUTO-ADV-441"]
[Site "http://www.queenalice.com/game.php?id=184728"]
[Date "2007.3.19"]
[Round "1"]
[White "Filps"]
[Black "ray"]
[Result "0-1"]
[WhiteElo "1576"]
[BlackElo "1702"]

1. e4 c5 2. Nc3 Nc6 3. Bc4 g6 4. Nf3 Bg7 5. O-O e6 6. Nb5 a6 7. Nd6+ Kf8 8. c3
Qe7 9. Nxc8 Rxc8 10. d4 cxd4 11. cxd4 Rd8 0-1

[Event "AUTO-ADV-441"]
[Site "http://www.queenalice.com/game.php?id=184729"]
[Date "2007.3.19"]
[Round "1"]
[White "ray"]
[Black "Filps"]
[Result "1-0"]
[WhiteElo "1713"]
[BlackElo "1565"]

1. c4 e5 2. Nc3 Nf6 3. g3 d5 4. Bg2 d4 5. Nb5 c6 6. Na3 Bf5 7. e3 dxe3 8. fxe3
Bxa3 9. bxa3 O-O 10. Bb2 Re8 11. Nf3 Nbd7 12. O-O Bg4 13. Qb3 b6 14. Ng5 1-0

[Event "AUTO-ADV-441"]
[Site "http://www.queenalice.com/game.php?id=184730"]
[Date "2007.3.19"]
[Round "1"]
[White "Filps"]
[Black "braseiko"]
[Result "0-1"]
[WhiteElo "1615"]
[BlackElo "1773"]

1. e4 c5 2. Nc3 Nc6 3. Bc4 e6 4. Nf3 a6 5. d4 b5 6. Be2 cxd4 7. Nxd4 Bb7 8. O-O
e5 9. Nf3 d6 10. h3 Nf6 11. Bg5 Be7 12. a3 O-O 13. Nh4 Nd5 14. exd5 Bxg5 15.
dxc6 Bxc6 16. Nf5 Qb6 17. Nxd6 Rad8 18. Qe1 Rxd6 19. Rd1 Rfd8 20. Rxd6 Rxd6 21.
Bg4 Bf6 22. Ne4 Bxe4 23. Qxe4 Qc6 24. Qxc6 Rxc6 25. c3 Rd6 26. Rd1 Rxd1+ 27.
Bxd1 Be7 28. g4 a5 29. f3 Kf8 30. Kf2 Bc5+ 0-1

[Event "AUTO-ADV-441"]
[Site "http://www.queenalice.com/game.php?id=184731"]
[Date "2007.3.19"]
[Round "1"]
[White "braseiko"]
[Black "Filps"]
[Result "1-0"]
[WhiteElo "1783"]
[BlackElo "1605"]

1. e4 e5 2. Nf3 Nc6 3. Bb5 Bc5 4. Bxc6 dxc6 5. O-O Bg4 6. c3 Nf6 7. d3 h6 8. h3
Be6 9. Be3 Bxe3 10. fxe3 O-O 11. Nxe5 Qe7 12. Nd2 Bxh3 13. Nxc6 bxc6 14. gxh3
Qe5 15. Qf3 Rab8 16. Nc4 Qe6 17. Rad1 Rbd8 18. Qf5 Qxf5 19. exf5 c5 20. e4 Kh7
21. Ne5 h5 22. Kg2 a6 23. Kf3 Nd7 24. Nc6 Rde8 25. Kf4 f6 26. d4 g5+ 27. fxg6+
Kxg6 28. Rg1+ Kf7 29. Rg2 Rg8 30. Rdg1 1-0

[Event "AUTO-ADV-441"]
[Site "http://www.queenalice.com/game.php?id=184732"]
[Date "2007.3.19"]
[Round "1"]
[White "Filps"]
[Black "mafbueno"]
[Result "0-1"]
[WhiteElo "1673"]
[BlackElo "1767"]

1. e4 e5 2. Nf3 Qe7 3. Nc3 c6 4. Bc4 d6 5. d4 Bg4 6. d5 Nf6 7. Bg5 h6 8. Bh4 g6
9. h3 Bxf3 10. Qxf3 Bg7 11. O-O O-O 12. Rad1 c5 0-1

[Event "AUTO-ADV-441"]
[Site "http://www.queenalice.com/game.php?id=184733"]
[Date "2007.3.19"]
[Round "1"]
[White "mafbueno"]
[Black "Filps"]
[Result "1-0"]
[WhiteElo "1779"]
[BlackElo "1661"]

1. d4 d5 2. Nf3 Nf6 3. Bf4 Bf5 4. h3 e6 5. Nbd2 Nc6 6. c3 Bd6 7. Ne5 O-O 8. Ndf3
h6 9. e3 Be4 10. Nxc6 bxc6 11. Ne5 c5 12. f3 1-0

[Event "AUTO-INT-247"]
[Site "http://www.queenalice.com/game.php?id=191951"]
[Date "2007.4.4"]
[Round "2"]
[White "Filps"]
[Black "Pegasus"]
[Result "0-1"]
[WhiteElo "1642"]
[BlackElo "1682"]

1. e4 c5 2. Nc3 Nc6 3. Nf3 d6 4. d4 cxd4 5. Nxd4 e6 6. Bc4 e5 7. Nxc6 bxc6 8.
O-O Be7 9. Qf3 Nf6 10. Bg5 Bg4 11. Qd3 h6 12. Bxf6 Bxf6 13. f3 Be6 14. Rad1 Qb6+
15. Kh1 Rd8 16. Bxe6 fxe6 17. b3 d5 0-1

[Event "AUTO-INT-247"]
[Site "http://www.queenalice.com/game.php?id=191952"]
[Date "2007.4.4"]
[Round "2"]
[White "Pegasus"]
[Black "Filps"]
[Result "1-0"]
[WhiteElo "1696"]
[BlackElo "1628"]

1. d4 d5 2. c4 dxc4 3. e4 b5 4. Nc3 a6 5. d5 e6 6. Bf4 Bb4 7. a3 Bxc3+ 8. bxc3
exd5 9. Qxd5 Qxd5 10. exd5 Nf6 11. Bxc7 Nxd5 12. Be5 f6 13. Bd4 Nc6 14. Nf3 Bg4
15. Nd2 O-O 16. f3 Rfe8+ 17. Be2 Bf5 18. Kf2 1-0

[Event "AUTO-OPEN-374"]
[Site "http://www.queenalice.com/game.php?id=197140"]
[Date "2007.4.15"]
[Round "2"]
[White "Filps"]
[Black "me"]
[Result "0-1"]
[WhiteElo "1580"]
[BlackElo "2040"]

1. e4 c5 2. Nc3 Nc6 3. Nf3 d6 4. d4 Bg4 5. Be2 Nf6 6. d5 Bxf3 7. Bxf3 Nd4 8. Bg5
g6 9. O-O Bg7 10. Re1 O-O 11. e5 dxe5 12. Rxe5 Ng4 13. Bxe7 Qd7 14. Re1 Qc7 15.
Bxg4 Rfe8 16. Bh4 Rxe1+ 17. Qxe1 Nxc2 0-1

[Event "AUTO-OPEN-374"]
[Site "http://www.queenalice.com/game.php?id=197141"]
[Date "2007.4.15"]
[Round "2"]
[White "me"]
[Black "Filps"]
[Result "1-0"]
[WhiteElo "2038"]
[BlackElo "1582"]

1. d4 d5 2. c4 dxc4 3. Nc3 Nf6 4. e4 e5 5. Nf3 Bg4 6. Bxc4 Bb4 7. Qa4+ Nc6 8. d5
Qd6 9. dxc6 bxc6 10. Nxe5 Bxc3+ 11. bxc3 O-O 12. Nxg4 Nxg4 13. Ba3 c5 14. Rd1
Qe5 15. h3 Qxe4+ 16. Kf1 Nf6 17. Bxc5 Rfd8 18. Rxd8+ 1-0

[Event "AUTO-ADV-346"]
[Site "http://www.queenalice.com/game.php?id=204596"]
[Date "2007.5.1"]
[Round "2"]
[White "ravague"]
[Black "Filps"]
[Result "1-0"]
[WhiteElo "1824"]
[BlackElo "1589"]

1. e4 e5 2. f4 exf4 3. Nf3 Nc6 4. Bc4 Bc5 5. b4 Bxb4 6. c3 Ba5 7. O-O Bb6+ 8. d4
d6 9. Bxf4 Bg4 10. Bxf7+ Ke7 11. Kh1 h6 12. Qb3 Qd7 13. Nbd2 1-0

[Event "AUTO-ADV-346"]
[Site "http://www.queenalice.com/game.php?id=204597"]
[Date "2007.5.1"]
[Round "2"]
[White "Filps"]
[Black "ravague"]
[Result "0-1"]
[WhiteElo "1596"]
[BlackElo "1817"]

1. e4 e5 2. Nf3 Nc6 3. Bc4 Nf6 4. Nc3 Bc5 5. d3 Na5 6. Nxe5 Nxc4 7. Nxc4 d6 8.
Bg5 c6 9. O-O O-O 10. a3 a5 11. d4 Ba7 12. e5 dxe5 0-1

[Event "AUTO-ADV-346"]
[Site "http://www.queenalice.com/game.php?id=204598"]
[Date "2007.5.1"]
[Round "2"]
[White "Parma"]
[Black "Filps"]
[Result "1-0"]
[WhiteElo "1865"]
[BlackElo "1649"]

1. d4 d5 2. c4 dxc4 3. e3 b5 4. a4 c6 5. axb5 cxb5 6. Qf3 Nc6 7. Qxc6+ Bd7 8.
Qa6 Nf6 9. Nf3 e6 10. Bd2 Ne4 11. Nc3 Nxd2 12. Nxd2 Bb4 13. Nxb5 1-0

[Event "AUTO-ADV-346"]
[Site "http://www.queenalice.com/game.php?id=204599"]
[Date "2007.5.1"]
[Round "2"]
[White "Filps"]
[Black "Parma"]
[Result "0-1"]
[WhiteElo "1657"]
[BlackElo "1857"]

1. e4 c5 2. Nc3 e5 3. Nf3 d6 4. Bc4 Be7 5. Nd5 Nf6 6. Nxe7 Qxe7 7. d3 O-O 8. Bg5
Bg4 9. h3 Bh5 10. g4 Bg6 11. h4 h6 12. Bxf6 Qxf6 0-1

[Event "feripe"]
[Site "http://www.queenalice.com/game.php?id=211412"]
[Date "2007.5.15"]
[Round "2"]
[White "rubenov"]
[Black "Filps"]
[Result "1-0"]
[WhiteElo "1891"]
[BlackElo "1664"]

1. d4 d5 2. Bg5 f6 3. Bh4 Nc6 4. e3 a6 5. Nc3 Bf5 6. a3 e5 7. dxe5 Nxe5 8. Nxd5
c6 9. Nc3 Qxd1+ 10. Kxd1 Rd8+ 11. Kc1 b5 12. e4 Bg6 13. f3 1-0